| 000 | 00811cab a2200253 4500 | ||
|---|---|---|---|
| 001 | WB3510-59 | ||
| 008 | 090401t1999 xxu||||| |||| 00| 0 eng d | ||
| 035 | _a(Sirsi) u91922 | ||
| 041 | _aeng | ||
| 245 | _aExtra burden of Agenda 2000 amendments | ||
| 260 | _c1999 | ||
| 350 | _a0 | ||
| 490 |
_aFarmer`s Guardian _v5 March 1999, 7(1) |
||
| 520 | _aFarming unions and industry bodies are concerned at amendments to the European Commission's Agenda 2000 proposals, particularly plans to reduce individual payment ceiling levels. Discusses the current issues of conflict in the proposals. | ||
| 650 | _aAGENDA 2000 | ||
| 650 | _aCAP | ||
| 650 | _aEC | ||
| 650 | _aMILK QUOTAS | ||
| 650 | _aOILSEEDS | ||
| 650 | _aPAYMENT SYSTEMS | ||
| 690 | _aRURAL PRACTICE | ||
| 942 | _n0 | ||
| 948 | _c10/03/1999 | ||
| 999 |
_c58287 _d58287 |
||